Novel thermoplastic elastomer of reactive NR and PA6 blends (Record no. 64117)

MARC details
000 -LEADER
fixed length control field 02068nam a2200241Ia 4500
100 ## - MAIN ENTRY--AUTHOR NAME
Personal name Seadan M
245 #0 - TITLE STATEMENT
Title Novel thermoplastic elastomer of reactive NR and PA6 blends
260 ## - PUBLICATION, DISTRIBUTION, ETC. (IMPRINT)
Name of publisher Journal of Rubber Research
Year of publication 2005
300 ## - PHYSICAL DESCRIPTION
Number of Pages 205-219
520 ## - SUMMARY, ETC.
Summary, etc Relevant developments in polymer blends on immiscible polymers have shown how efficient the amphiphilic species are in improving mechanical properties and morphological stabilisation through reactive and dynamic vulcanisation on successive processing steps. However, it appears that, in blends of immiscible polymers, the interfacial compatibilities of polymers are necessarily mixed before the dynamically vulcanised process to obtain good mechanical properties of thermoplastic elastoemrs. The induced reactivity in a single screw extrusion is based on a misture of peroxide (Perkadox 14@), reactive monomer (maleic anhydride) and activators (ZnO and stearic acid). The results confirm that a good level of reciprocal grafting occurred between NR and PA6. Their morphology showed a good interfacial adhesion with finer continuous phase of PA6. Dynamically vulcanised processes were done using several vulcanising systems on a single screw extruder. It showed that the suitable vulcanising agent was phenolic resin (SP-1045). The produced thermoplastic elastomer showed a fine crosslinked dispersed phase NR, which corresponded to good mechanical properties of high tensile strength and elongation at break. The PA6/NR reactive blend TPE containing PA6 40;and NR 60;had a tensile strength level about 12MPa with the elongation at break about 135;. It also showed very good oil resistance at an ultra-high temperature of 200 oC.
650 ## - SUBJECT ADDED ENTRY--TOPICAL TERM
Topical Term Crosslinking
650 ## - SUBJECT ADDED ENTRY--TOPICAL TERM
Topical Term Dynamic vulcanisation
650 ## - SUBJECT ADDED ENTRY--TOPICAL TERM
Topical Term Mechanical properties
650 ## - SUBJECT ADDED ENTRY--TOPICAL TERM
Topical Term MOrphology
650 ## - SUBJECT ADDED ENTRY--TOPICAL TERM
Topical Term PA6
650 ## - SUBJECT ADDED ENTRY--TOPICAL TERM
Topical Term Reactive blends
650 ## - SUBJECT ADDED ENTRY--TOPICAL TERM
Topical Term Theroplastic Elastomer
650 ## - SUBJECT ADDED ENTRY--TOPICAL TERM
Topical Term Vulcanising systems
700 ## - ADDED ENTRY--PERSONAL NAME
Personal name Luksameevanish V
700 ## - ADDED ENTRY--PERSONAL NAME
Personal name Rattanapane S
942 ## - ADDED ENTRY ELEMENTS (KOHA)
Koha item type Journals
Holdings
Withdrawn status Lost status Damaged status Not for loan Home library Current library Shelving location Date acquired Serial Enumeration / chronology Koha item type
      Journals RRII Library RRII Library Rubber chemistry 17/12/2021 Volume 8, Issue 4 Journals